zpět

Detail výsledku týmu

Bartolomějka, Kolín

Datum a čas kvízu

41 Celkem bodů Celkový počet nahraných bodů na tomto kvízu bez doplňovacích otázek.
1. Pořadí na kvízu Konečné umístění týmu na tomto kvízu.

Zaznamenané odpovědi

# Otázka Odpověď Body Výsledky
1. Minulý týden bylo oznámeno, že... Intercamp 0
2. K čemu vybídl syn Joea Bidena... C 1
3. V sobotu se na pražském Výstav... Mňága a Žďorp 1
4. Kterému živočichovi, jenž pomá... A 1
5. Desátý hráč žebříčku ATP utrpě... Daniil Medveděv 1
6. Vaším prvním úkolem v dnešním... 1C 2A 3B 4D 0
7. Poznejte gangsterku dle stručn... Dannyho parťáci (Ocean's Eleven) 1
8. Bud Spencer a Terence Hill spo... v Itálii 1
9. Gangster, na kterého se ptáme,... Jabba Hutt 1
10. Uveďte jméno i příjmení postav... John Wick 1